000 00921nam a2200277 i 4500
001 000014153
003 DO-SdBNP
005 20240530073917.0
007 ta
008 091207s2002 dr a 000 f spa d
040 _aDO-SdBNP
_bspa
_cBNPHU
_erda
082 4 _aRD863.44
_bS232y
_222
100 1 _aSantana, Franklin, Padre,
_d1942-
_931995
_eautor
245 1 0 _aY no dejaron huellas /
_cP. Franklin Santana ; prólogo, Bruno Rosario Candelier.
264 _aSanto Domingo :
_bCorripio,
_c2002.
300 _a387 páginas :
_bilustraciones ;
_c20 cm.
336 _2rdacontent
_atexto
_btxt
337 _2rdamedia
_asin mediación
_bn
338 _2rdacarrier
_avolumen
_bnc
590 _aInventariado, 2019/VM
650 0 _aNovela dominicana
_9223
650 0 _aLiteratura dominicana.
_967
700 1 _aRosario Candelier, Bruno,
_d1941-
_eprólogo
_9851
910 _aValidado. Control de calidad EMS
942 _2ddc
_cLBS1
999 _c13755
_d13755